| 000 | 04963nam a22004697a 4500 | ||
|---|---|---|---|
| 005 | 20100916161656.0 | ||
| 010 | _aHIN-90505 B-427334-348 | ||
| 020 |
_c120.00 _a9789380146805 |
||
| 035 | _aHN-62851 | ||
| 035 | _aB-427334-348 | ||
| 037 | _bDBAD / PUB | ||
| 037 | _bएलाईड पब्लिशर्स | ||
| 082 | _a822 | ||
| 100 |
_aनरेन्द्र मोहन _927705 |
||
| 245 |
_aमंच अँधेरे में / _cनरेन्द्र मोहन |
||
| 246 |
_aManch Andhere Mein _hby Sirshree |
||
| 260 |
_aनई दिल्ली _bकिताबघर प्रकाशन _c2010 |
||
| 270 |
_a4855-56/24, अंसारी रोड़, दरियागंज _bनई दिल्ली _e110002 |
||
| 300 |
_a84पृ. _c22सेमी (सजिल्द) |
||
| 650 | _aहिन्दी नाटक | ||
| 650 | _aHindi Drama | ||
| 700 | _920179 | ||
| 700 | _920333 | ||
| 942 |
_2ddc _cHN _h822 _mनरेन्द्र |
||
| 999 |
_c46330 _d46330 |
||